Music Quiz

Random Music or Album Quiz

Album by First 3 Songs Quiz Stats

 Plays Quiz Updated Oct 13, 2017

Challenge
Share
Tweet
Score 0/20 Timer 03:00
2 Plays Today
% Correct
Nirvana - Nevermind
94.8%
Eagles - Hotel California
89.9%
Michael Jackson - Thriller
81.9%
ACDC - Back in Black
81.8%
Metallica - s|t
77.3%
ZZ Top - Eliminator
77.1%
Garth Brooks - Ropin' the Wind
73.9%
Fleetwood Mac - Rumours
73.5%
Pearl Jam - Ten
71.4%
Led Zeppelin - IV
64.7%
% Correct
Billy Joel - Glass Houses
63.6%
Madonna - Music
61.6%
Foo Fighters - The Colour & the Shape
60.4%
Usher - Confessions
60.2%
Lil Wayne - Tha Carter
60.1%
Queen - A Kind of Magic
57%
Green Day - Dookie
55.2%
Def Leppard - Hysteria
50%
Pink Floyd - The Division Bell
49.7%
They Might Be Giants - Flood
41.3%

You're not logged in!

Compare scores with friends on all Sporcle quizzes.
Join for Free
OR
Log In

You Might Also Like...

Show Comments

Extras

Top Quizzes Today


Score Distribution

Your Account Isn't Verified!

In order to create a playlist on Sporcle, you need to verify the email address you used during registration. Go to your Sporcle Settings to finish the process.

Report this User

Report this user for behavior that violates our Community Guidelines.

Details: